Modern Banking / (Record no. 192299)

MARC details
000 -LEADER
fixed length control field 00568nam a22001937a 4500
005 - DATE AND TIME OF LATEST TRANSACTION
control field 20220916162444.0
010 ## - LCCN (DPL NO)
LC control number ENG-135101
020 ## - INTERNATIONAL STANDARD BOOK NUMBER
International Standard Book Number 9789393737052
Terms of availability 245.00
035 ## - SYSTEM CONTROL NUMBER
System control number EN-118633
037 ## - SOURCE OF ACQUISITION
Source of stock number/acquisition DBAD/PUB
082 ## - DEWEY DECIMAL CLASSIFICATION NUMBER
Classification number 332.1
100 ## - MAIN ENTRY--PERSONAL NAME
Personal name K.Veera kumar
245 ## - TITLE STATEMENT
Title Modern Banking /
Statement of responsibility, etc by K.Veera kumar [and] A.S.Naveen Kumar
260 ## - PUBLICATION, DISTRIBUTION, ETC. (IMPRINT)
Place of publication, distribution, etc Tamil Nadu
Name of publisher, distributor, etc Shanlax Publications
Date of publication, distribution, etc 2022
270 ## - ADDRESS
Address Vasantha Nagar,Madurai,
City Tamil Nadu
Postal code 625003
300 ## - PHYSICAL DESCRIPTION
Extent 179p.
Dimensions 22cm(pbk)
700 ## - ADDED ENTRY--PERSONAL NAME
Personal name A.S.Naveen Kumar
942 ## - ADDED ENTRY ELEMENTS (KOHA)
Source of classification or shelving scheme Dewey Decimal Classification
Item type English Books
Classification part 332.1
Call number suffix KVE
Holdings
Withdrawn status Lost status Not for loan Collection code Home library Current library Date acquired Source of acquisition Cost, normal purchase price Full call number Barcode Copy number Cost, replacement price Koha item type
      Non-fiction Bawana Bawana 16/09/2022 DBAD/PUB 245.00 332.1 KVE EN-118633 1 245.00 English Books

© Delhi Public Library
Hit Counter
free hit counter